Encuesta permanente de hogares (Registro nro. 2189)

Detalles MARC
000 -LEADER
fixed length control field 01073 a2200229 4500
001 - CONTROL NUMBER
control field 31549
005 - DATE AND TIME OF LATEST TRANSACTION
control field 20260407155619.0
008 - FIXED-LENGTH DATA ELEMENTS--GENERAL INFORMATION
fixed length control field 260407a1993 arg spa d
003 - CONTROL NUMBER IDENTIFIER
control field AR-UNSa-BCEJYS
040 ## - CATALOGING SOURCE
Original cataloging agency AR-UNSa-BCEJYS
Language of cataloging spa
Transcribing agency AR-UNSa-BCEJYS
080 ## - UNIVERSAL DECIMAL CLASSIFICATION NUMBER
Universal Decimal Classification number 311.3
Common auxiliary subdivision Organización general de las estadisticas. Estadística oficial
020 ## - INTERNATIONAL STANDARD BOOK NUMBER
International Standard Book Number 950-896-184-8
041 ## - LANGUAGE CODE
Language code of text/sound track or separate title spa
100 1# - MAIN ENTRY--PERSONAL NAME
Personal name Instituto Nacional de Estadística y Censos (INDEC)
245 10 - TITLE STATEMENT
Title Encuesta permanente de hogares
Name of part/section of a work Gran Buenos Aires
264 #1 - PRODUCTION, PUBLICATION, DISTRIBUTION, MANUFACTURE, AND COPYRIGHT NOTICE
Place of production, publication, distribution, manufacture Buenos Aires :
Name of producer, publisher, distributor, manufacturer INDEC
Date of production, publication, distribution, manufacture, or copyright notice 1993
300 ## - PHYSICAL DESCRIPTION
Extent 10 v.
Dimensions 25 cm.
505 ## - FORMATTED CONTENTS NOTE
Formatted contents note Vol. 1: Mayo y Octubre de 1993 -- Vol. 2: Mayo y Octubre de 1994 -- Vol. 3: Mayo y Octubre de 1995 -- Vol. 4: Octubre de 1997 -- Vol. 5: Mayo-Agosto-Octubre 1998 -- Vol. 6: Mayo 1999 -- Vol. 7: Mayo 2000 -- Vol. 8: Octubre 2000 -- Vol. 9: Mayo 2001 -- Vol. 10: Octubre 2001
590 ## - LOCAL NOTE (RLIN)
Local note niveau_biblio:m niveau_hierar:0
856 41 - ELECTRONIC LOCATION AND ACCESS
Uniform Resource Identifier <a href="https://biblioeco.unsa.edu.ar/pmb/images/revistas/Encuesta permanente de hogares-D00073.jpg">https://biblioeco.unsa.edu.ar/pmb/images/revistas/Encuesta permanente de hogares-D00073.jpg</a>
Link text Imagen de portada
Electronic format type image/jpeg
942 ## - ADDED ENTRY ELEMENTS (KOHA)
Koha item type
Existencias
Withdrawn status Lost status Damaged status Not for loan Home library Current library Shelving location Date acquired Total checkouts Full call number Barcode Date last seen Price effective from Koha item type
        Biblioteca Prof. Eusebio Cleto del Rey Biblioteca Prof. Eusebio Cleto del Rey   07/04/2026   D311.3 I59/EPH 5/1993 D00066 07/04/2026 07/04/2026 Libro
        Biblioteca Prof. Eusebio Cleto del Rey Biblioteca Prof. Eusebio Cleto del Rey   07/04/2026   D311.3 I59/EPH 5/1994 D00067 07/04/2026 07/04/2026 Libro
        Biblioteca Prof. Eusebio Cleto del Rey Biblioteca Prof. Eusebio Cleto del Rey   07/04/2026   D311.3 I59/EPH 5/1995 D00068 07/04/2026 07/04/2026 Libro
        Biblioteca Prof. Eusebio Cleto del Rey Biblioteca Prof. Eusebio Cleto del Rey   07/04/2026   D311.3 I59/EPH 10/1997 D00069 07/04/2026 07/04/2026 Libro
        Biblioteca Prof. Eusebio Cleto del Rey Biblioteca Prof. Eusebio Cleto del Rey   07/04/2026   D311.3 I59/EPH 5/1998 D00070 07/04/2026 07/04/2026 Libro
        Biblioteca Prof. Eusebio Cleto del Rey Biblioteca Prof. Eusebio Cleto del Rey   07/04/2026   D311.3 I59/EPH 5/1999 D00071 07/04/2026 07/04/2026 Libro
        Biblioteca Prof. Eusebio Cleto del Rey Biblioteca Prof. Eusebio Cleto del Rey   07/04/2026   D311.3 I59/EPH 5/2000 D00072 07/04/2026 07/04/2026 Libro
        Biblioteca Prof. Eusebio Cleto del Rey Biblioteca Prof. Eusebio Cleto del Rey   07/04/2026   D311.3 I59/EPH 10/2000 D00073 07/04/2026 07/04/2026 Libro
        Biblioteca Prof. Eusebio Cleto del Rey Biblioteca Prof. Eusebio Cleto del Rey   07/04/2026   D311.3 I59/EPH 5/2001 D00074 07/04/2026 07/04/2026 Libro
        Biblioteca Prof. Eusebio Cleto del Rey Biblioteca Prof. Eusebio Cleto del Rey   07/04/2026   D311.3 I59/EPH 10/2001 D00075 07/04/2026 07/04/2026 Libro